| Tag |
First Indicator |
Second Indicator |
Subfields |
| LEADER |
00000nam a2200000Ia 4500 |
| 001 |
in00004173621 |
| 005 |
20200807084114.0 |
| 006 |
m g d |
| 007 |
cr bn |||a|bb| |
| 008 |
000831s1571 sz o 000 0 eng d |
| 035 |
|
|
|a (OCoLC)44920354
|
| 040 |
|
|
|a EBK
|e dcrb
|c EBK
|
| 037 |
|
|
|a CL0036000068
|b ProQuest. 789 E. Eisenhower Parkway, Ann Arbor, MI 48108-3218
|
| 043 |
|
|
|a e-sz---
|a e-uk-st
|
| 090 |
|
|
|a BX5336.A4
|b 1571
|
| 049 |
|
|
|a UMIA
|
| 110 |
2 |
|
|a Church of Scotland.
|
| 240 |
1 |
0 |
|a Book of common order.
|
| 245 |
1 |
4 |
|a The forme of prayers and ministration of the sacramentes &c. vsed in the English Churche at Geneua, approued and receiued by the Churche of Scotland. :
|b Whereunto besydes that which was in the former bokes, are also added sondrie other prayers, with the whole Psalmes of Dauid in English meter ...
|
| 260 |
|
|
|a [Geneva? :
|b publisher not identified],
|c Imprinted M.D.LXXI [1571]
|
| 300 |
|
|
|a 1 online resource ([145], 382, [122] pages)
|
| 336 |
|
|
|a text
|b txt
|2 rdacontent
|
| 337 |
|
|
|a computer
|b c
|2 rdamedia
|
| 338 |
|
|
|a online resource
|b cr
|2 rdacarrier
|
| 500 |
|
|
|a Catechism has special t.p.: 'The catechisme or manner to teache children the Christian religion. Wherein the Minister demandeth the question, and the chylde maketh answere: made by the excellent Doctor and Pastor in Christs Churche Iohn Caluin. Imprinted at Edinbough by me Robert Lekpruik. M.D.LXX." Register is continuous with Psalms.
|
| 500 |
|
|
|a Place of publication of "The forme of prayers and ministration of the sacraments...' suggested by STC (2nd edition).
|
| 500 |
|
|
|a Signatures: [blank]⁸, 2A-2H⁸, 2I⁴, a-z⁸, A-H⁸, I⁴.
|
| 500 |
|
|
|a Reproduction of original in: Folger Shakespeare Library.
|
| 510 |
4 |
|
|a STC (2nd edition)
|c 16579
|
| 533 |
|
|
|a Electronic reproduction.
|b Ann Arbor, Mich. :
|c UMI,
|d 1999-
|f (Early English books online)
|n Digital version of: (Early English books, 1475-1640 ; 2098:16)
|7 s1999 miun s
|
| 610 |
2 |
0 |
|a Church of Scotland
|x Liturgy
|v Texts.
|
| 650 |
|
0 |
|a Psalters.
|
| 650 |
|
0 |
|a Catechisms, English.
|
| 700 |
1 |
|
|a Calvin, Jean,
|d 1509-1564.
|t Catéchisme de l'Eglise de Genève.
|l English.
|f 1570.
|
| 730 |
0 |
2 |
|a Bible.
|p O.T.
|p Psalms.
|l English.
|f 1571.
|
| 740 |
0 |
2 |
|a Catechisme or manner to teache children the Christian religion.
|
| 830 |
|
0 |
|a Early English books online.
|
| 856 |
4 |
0 |
|u http://proxy.library.tamu.edu/login?url=https://search.proquest.com/docview/2248555099
|z Connect to the full text of this electronic book
|t 0
|
| 999 |
f |
f |
|s 2996c40a-f7a8-3a34-bf98-793557a57ac9
|i c772ddde-beb3-3fc6-9c9f-188f1e7bddd0
|t 0
|
| 952 |
f |
f |
|a Texas A&M University
|b College Station
|c Electronic Resources
|d Available Online
|t 0
|e BX5336.A4 1571
|h Library of Congress classification
|
| 998 |
f |
f |
|a BX5336.A4 1571
|t 0
|l Available Online
|